000 01032nam a2200277 i 4500
001 bg
245 0 0 _aUzdatnianie, odnowa i ochrona wód :
_b[Krajowa Konferencja Naukowo-Techniczna], Częstochowa-Ustroń 4-6 marca 1998 /
_cpod red. Marty Janosz-Rajczyk.
260 _aCzęstochowa :
_bWydaw. PC,
_c1998.
300 _a207, [2] s. :
_bpl., rys., wykr. ;
_c24 cm.
490 1 _aKonferencje / Politechnika Częstochowska,
_x1234-9895 ;
_v22
500 _aStreszcz. ang. przy ref.
504 _aBibliogr. przy ref.
650 9 _aWoda
_xchemia
_xbadanie
650 9 _aWoda
_xtechnologia
655 _aMateriały konferencyjne
700 1 _aJanosz-Rajczyk, Marta
_d(1944- ).
_eRed.
710 0 _aPOLITECHNIKA CZĘSTOCHOWSKA (Częstochowa)
830 0 _aKonferencje (Politechnika Częstochowska) ;
_v22
020 _a8371930186
040 _cBPK
041 0 _apl
_ben
080 _a628.1:628.3:543](061):[556.3:556.5](438)"1989/..."(061)
920 _a83-7193-018-6
942 _cKS
008 s pl f |000 0 pol
999 _c33149
_d33149
856 _uhttp://koha.tu.koszalin.pl/cgi-bin/koha/opac-detail.pl?biblionumber=33149
_yKatalog online BPK